000 01105nac a22003497a 4500
001 BR7702096
003 BR-BrBNA
005 20240105114039.0
008 230509b bl.|||m| |||| 00| 0 por d
040 _aBR-BrBNA
_bpor
_cBiblioteca Nacional de Agricultura
072 _aF00
090 _a1146 BR7702096
100 1 _aOjima, M.
100 1 _aRigitano, O.
100 1 _aScaranari, H.J.
100 1 _aMartins, F.P.
100 1 _aDall Orto, F.A.C.
100 1 _aNagai, V.
110 1 _aInstituto Agronomico, Campinas, SP (Brasil)
111 1 _a4. Congresso Brasileiro de Fruticultura
_cSalvador, BA (Brazil)
_d23 Jan 1977
245 1 _aNespereira - estudo de variedades e espacamento [Eriobotrya japonica]
260 3 _aCampinas, SP (Brasil):
_c1977.
300 _a14 p.
490 _aBoletim Tecnico - Instituto Agronomico (Brazil)
_vno. 46
_x
500 _aSummaries (En, Pt); Received 20 Jan 1977
650 _aProducao vegetal
650 _aNespera
650 _aVariedade
650 _aEspacamento
909 _a202312
_bLúcia Elande
_c55
_dLúcia Elande
942 _2AGRIS
_n0
_cMS
999 _c267089
_d267089